Statistics for Massachusetts town names of Native American origin

Click here to take the quiz!

General Stats

  • This quiz has been taken 9 times
  • The average score is 8 of 15

Answer Stats

First LetterAnswer% Correct
AAgawam
75%
NNantucket
75%
AAcushnet
63%
MMattapoisett
63%
SScituate
63%
SSwampscott
63%
AAquinnah
50%
CChicopee
50%
CCohasset
50%
MMashpee
50%
NNatick
50%
SSeekonk
50%
MMerrimac
38%
NNahant
38%
SSaugus
38%

Score Distribution

Percentile by Number Answered

Percent of People with Each Score

Your Score History

You have not taken this quiz